Statistics for Random African Capitals - Map Quiz

Click here to take the quiz!

General Stats

  • This quiz has been taken 232 times
  • The average score is 8 of 10

Answers on the Map

Answers color-coded by a green-red scale on the quiz's map according to % correct below.
 

Answer Stats

Answer% Correct
Addis Ababa
100%
Algiers
100%
Cairo
100%
Cape Town
100%
Djibouti
100%
Freetown
100%
Harare
100%
Lilongwe
100%
Luanda
100%
Tunis
100%
Victoria
100%
Windhoek
100%
Brazzaville
91%
Khartoum
91%
Kigali
91%
Rabat
90%
Tripoli
90%
Maseru
89%
Maputo
88%
Mogadishu
88%
Antananarivo
86%
Bloemfontein
86%
N'Djamena
86%
Port Louis
86%
Abuja
83%
Juba
83%
Kinshasa
83%
Pretoria
83%
São Tomé
83%
Nairobi
82%
Accra
80%
Bissau
80%
Lome
78%
Lusaka
78%
Asmara
75%
Dakar
71%
Libreville
71%
Malabo
71%
Ouagadougou
71%
Praia
71%
Nouakchott
67%
Yamoussoukro
67%
Yaoundé
64%
Bamako
63%
Gaborone
63%
Kampala
63%
Gitega
58%
Porto-Novo
57%
Bangui
56%
Conakry
56%
Cotonou
56%
Banjul
50%
Dodoma
50%
Monrovia
50%
Moroni
50%
Mbabane
46%
Niamey
42%

Score Distribution

Percentile by Number Answered

Percent of People with Each Score

Your Score History

You have not taken this quiz